000 00763nam a2200277Ia 4500
005 20260324144045.0
008 008 260324s9999 xx 000 0 eng d
020 _a9781315826080
037 _aEBOOK
040 _aCRL
040 _beng
040 _cCRL
041 _2eng
041 _aeng
084 _qCRL
100 _aD. T. Wessells Jr.; Austin Kutscher; Irene B. Seeland; Florence E. Selder; Daniel J. Cherico; Elizabeth J. Clark
_91217910
245 0 _aProfessional Burnout in Medicine and the Helping Professions
260 _bTaylor and Francis
260 _c1989
365 _a
365 _b34.99
856 _uhttp://www.taylorfrancis.com/books/9781315826080
942 _cEBOOK
999 _c1824069
_d1824069